Nalaganje...
Annual Review of Plant Physiology, Vol.18
| Glavni avtor: | |
|---|---|
| Drugi avtorji: | |
| Format: | Printed Book |
| Jezik: | Undetermined |
| Izdano: |
California :
Annual Reviews,
1967
|
| Teme: |
| LEADER | 00554nam a2200157Ia 4500 | ||
|---|---|---|---|
| 008 | 200122s9999||||xx |||||||||||||| ||und|| | ||
| 080 | |a 581.1 |b ARP-A.18 | ||
| 100 | |a Machlis, Leonard, Ed. | ||
| 245 | 0 | |a Annual Review of Plant Physiology, Vol.18 | |
| 260 | |a California : |b Annual Reviews, |c 1967 | ||
| 300 | |a 480 p. | ||
| 650 | |a Plant physiology-- Botany | ||
| 700 | |a Briggs, Winslow R, ed. | ||
| 942 | |c BK | ||
| 999 | |c 259129 |d 259129 | ||
| 952 | |0 0 |1 0 |4 0 |6 581_100000000000000_ARPA_18 |7 0 |9 275340 |a BCH |b BCH |h Vol.18 |l 0 |o 581.1 ARP-A.18 |p BCH209 |r 2020-01-24 |w 2020-01-24 |y BK | ||